Diseño sismorresistente de un marco de concreto reforzado utilizando desplazamientos máximos inelásticos
Uloženo v:
| Hlavní autor: | |
|---|---|
| Médium: | Kniha |
| Vydáno: |
San José, Costa Rica
1990
|
| Témata: | |
| Tagy: |
Přidat tag
Žádné tagy, Buďte první, kdo vytvoří štítek k tomuto záznamu!
|
MARC
| LEADER | 00000nam a2200000Ia 4500 | ||
|---|---|---|---|
| 003 | 004940 | ||
| 005 | 20221231144333.0 | ||
| 008 | 140114s1990 cr a m 000 ||s d | ||
| 040 | |c cru CEDI | ||
| 090 | |a TFG 2324 | ||
| 100 | |a Castillo Barahona, Rolando |9 13022 | ||
| 245 | |a Diseño sismorresistente de un marco de concreto reforzado utilizando desplazamientos máximos inelásticos | ||
| 260 | |c 1990 |a San José, Costa Rica | ||
| 300 | |a 60 hojas : ilustraciones ; 28 cm. | ||
| 500 | |a Tesis (licenciatura en ingeniería civil)--Universidad de Costa Rica. Facultad de Ingeniería. Escuela de Ingeniería Civil | ||
| 650 | |x CONSTRUCCIONES ANTISISMICAS |x DISEÑO DE ESTRUCTURAS |9 13024 | ||
| 942 | |c TFG | ||
| 999 | |c 20359 |d 20359 | ||
